LEADER 01258nam a2200265 4500 001 000000336817 003 CaOOAMICUS 005 20191003111743.0 008 191002s2019 it 000 u ita r 040 $aSeMil$bita 100 1 $aSalvatore, Emilio.$0(OLS)http://semarc/name/52056 245 10$aQuando a credere è il popolo : $b tensioni e ricomposizioni di un'esperienza religiosa / $cEmilio Salvatore, Carmelo Torcivia. 264 1$aTrapani :$bIl pozzo di Giacobbe,$c2019. 300 $a186 p. :$bill. ;$c22 cm. 490 1 $aSponde ;$v5 650 4$aPietà - Storia religiosa.$0(OLS)http://semarc/subject/10015 650 4$aPietà popolare.$0(OLS)http://semarc/subject/1619 700 1 $aTorcivia, Carmelo,$c.$0(OLS)http://semarc/name/9716 830 0$aSponde ;$v5.$0(OLS)http://semarc/title/425956 850 $aSeMil 852 $aSeMil$W1$xVenegono$y1$m3K VI 383$j218831$B228746$CSeMilBibl$Z2$F228746 $81 961 $aScanziani don Francesco - Omaggio 996 $6245$aQuando a credere è il popolo : $b tensioni e ricomposizioni di un'esperienza religiosa / $9(OLS)http://semarc/title/425957 996 $6264$aTrapani :$bIl pozzo di Giacobbe$9(OLS)http://semarc/publisher/31941 LEADER 01187nam a2200289 i 4500 001 000000117967 003 CaOOAMICUS 005 20030915000000.0 008 030915s1990 it u000 u ita u 013 $a90660 020 $a88-307-0294-3 040 $aSeMil$bita 100 1 $aColombo, Dalmazia.$0(OLS)http://semarc/name/45224 245 10$aVibrare insieme :$bMozambico: 1964-1990 /$cDalmazia Colombo. 260 $aBologna :$bEMI,$ccopyr. 1990. 300 $a275 p., [16] p. di tav. ;$c19 cm. 490 0 $aVita di missione 500 $aIn preliminari : Dedica autografa al Card. C.M. Martini. - Fondo Card. C.M. Martini. 650 4$aMozambico - Popolo Makua - Cristianesimo.$0(OLS)http://semarc/subject/21918 830 0$aVita di missione.$0(OLS)http://semarc/title/11100 850 $aSeMil 852 $aSeMil$W1$xVenegono$y1$m3E II 10$j73307$B73307$CSeMilBibl$Z2$F86019 $81 941 1 $a4 961 $aOmaggio: Martini Card. Carlo Maria 996 $6020$a88-307-0294-3$9(OLS)http://semarc/number/102471 996 $6245$aVibrare insieme :$bMozambico: 1964-1990$9(OLS)http://semarc/title/173248 996 $6260$aBologna :$bEMI$9(OLS)http://semarc/publisher/29618